000 00467nam a2200169 a 4500
005 20140412111242.0
008 010904s19uu xx 00 eng d
020 _a1-85758-378-7
050 _aTR(GS 372.7
_bH176 1996
100 _aHall, Godfrey
245 _aBack to basics :
_cGodfrey Hall.
_bscience, for 10-11 year olds /
260 _aLondon :
_bLetts Educational,
_c1996.
300 _a32 p. ; ill.
440 _aLetts
650 _aScience
999 _c102805
_d102805